000 00526nam a2200193Ia 4500
005 20250923145833.0
008 008 250917s9999 xx 000 0 eng d
037 _aTextual
040 _aDSWL
_beng
_cDSWL
041 _aeng
_2eng
084 _qDSWL
245 0 _aEncounters between patient and doctors: An arthology
_c by J.D. Stoeckle
260 _aCambridge
_b MIT Presh(Mash Instt. of teacher)
_c1987
300 _axv,440p.
365 _aUSD
_b21
925 _g21
942 _cTEXL
999 _c1456323
_d1456323